LEADER 01287nam a2200229 a 4500 001 000000111811 003 CaOOAMICUS 005 20080522125754.0 008 080522s2007 it d m 000 0 ita d 040 $aPUL$bita$dMCT 100 1 $aMaffioletti, Gianmario,$cc.s.$0(OLS)http://pul/name/68782 245 10$aPresenza e rappresentazione dell'immigrazione e degli immigrati in Italia :$bla stampa italiana: specchio creativo delle rappresentazioni collettive : un'applicazione di analisi lessico-testuale /$cGianmario Maffioletti. 260 $aRoma :$b[s.n.],$c2007. 300 $a214 p. :$btab., grafici ;$c24 cm 502 $aEstratto dissertazione: Pontificia Universitas Gregoriana. Facultas scientiarum socialium, Roma, 2007. 504 $aBibliografia: p. 173-188. 650 4$aImmigrati$zItalia.$0(OLS)http://pul/subject/19693 850 $aPUL 852 $aPUL$W1$xDP1 Tesi Pon. Univ. Gregoriana$y40$m2007 F 3$j128089$qTesi$B126857$CPULBib$Z2$F126857 $82 941 1 $a16 996 $6245$aPresenza e rappresentazione dell'immigrazione e degli immigrati in Italia :$bla stampa italiana: specchio creativo delle rappresentazioni collettive : un'applicazione di analisi lessico-testuale$9(OLS)http://pul/title/140611 996 $6260$aRoma :$b[s.n.]$9(OLS)http://pul/publisher/47958 LEADER 01469nam a2200313 a 4500 001 000000172951 003 CaOOAMICUS 005 20200108163308.0 008 200108s2019 vc u000 u ita r 020 $a978-88-465-1270-3* 032 $aLibriCat 040 $aPUL$bita 082 04$a270.809 100 1 $aCardinali, Marco.$0(OLS)http://pul/name/64200 245 12$aL'umiltą della misericordia :$bvita e opera del venerabile p. Felice Prinetti O.M.V. /$cPresentazione di Madre Maria Luciana Zaru. 250 $aSeconda edizione 260 $aCittą del Vaticano :$bLateran University Press,$c©2019. 300 $a135 p. ;$c21 cm. 490 1 $aTestimonianze ;$v08 600 14$aPrinetti, Felice,$cO.M.V.,$d1842-1916.$0(OLS)http://pul/subject/42268 700 1 $aZaru, Maria Luciana.$0(OLS)http://pul/name/111073 830 0$aTestimonianze (Lateran University Press) ;$v08.$0(OLS)http://pul/title/142567 850 $aPUL 852 $aPUL$W1$xSL Religione 3$y85$m270. 809 COLL 1.8$j196938$qDDC 21$B201698$CPULBib$Z2$F201698 $H133841 $81 996 $6020$a978-88-465-1270-3*$9(OLS)http://pul/number/166963 996 $6082$a270.809$9(OLS)http://pul/classification/589 996 $6245$aL'umiltą della misericordia :$bvita e opera del venerabile p. Felice Prinetti O.M.V.$9(OLS)http://pul/title/185011 996 $6260$aCittą del Vaticano :$bLateran University Press$9(OLS)http://pul/publisher/74585